| 000 | 00423nam a2200157Ia 4500 | ||
|---|---|---|---|
| 008 | 240729s9999 xx 000 0 und d | ||
| 022 | _a1179-271X | ||
| 245 | 0 | _aPatient Related Outcome Measures | |
| 260 | _aUnited Kingdom | ||
| 260 | _bDove Medical Press | ||
| 650 | _a Medicine (General) | ||
| 650 | _aMedicine | ||
| 856 | _uhttps://doaj.org/toc/95d9cb43875145c58e8051994582bc60 | ||
| 942 | _2ddc | ||
| 942 | _cDOAJEJ | ||
| 999 |
_c73624 _d73624 |
||
| 945 |
_a1 _bMadushi Gamage _c1 _dMadushi Gamage |
||